000 00453nam a22001817a 4500
003 LK-CoDNM
005 20241223151240.0
008 241223b |||||||| |||| 00| 0 eng d
040 _aLK-CoDNM
_dLK-CoDNM
_eLK-CoDNM
041 _aeng
080 _a3a
_bA7
245 _anew york state library ninety-seventh annual report
_b1914 No 56
260 _balbany
_c1916
300 _a1p. : ; 26 cm
490 _vVOL2
650 _ascience
942 _cBK
999 _c233966
_d233966